00836nam a2200241Ia 4500001000700000003000500007008004100012010001100053020001800064040000900082082001700091100003000108245014800138250001100286260006100297300001800358500007500376503003200451650002500483700002600508700002500534700003500559Z_2484CHAP220113s9999 xx 000 0 und d a165541 a968-858-043-0 cCHAP a547 M67 1986 aMorrison, Robert Thornton aQuímica orgánica /cRobert Thornton Morrison y Robert Neilson Boyd ; vers. en español de Peter Fiedler ; colaboración de Cristina Rock a2a ed. aMéxico, D.F. :bSistemas Tecnicos de Edición,c  aXXIX, 1375 p. aTraducción de la obra en inglés: Organic chemistry, 4a ed. de 1983 aej.1: 134611 \ ej.2: 134610 aQuímica orgánica a Fiedler, Peter, tr.  a Rock, Cristina, tr. aBoyd, Robert Neilson, coaut.